Espacio local sociedad y desarrollo: razones de su valorización

Enregistré dans:
Détails bibliographiques
Auteur principal: González Meyer, Raúl (Auteur)
Format: Livre
Langue:espagnol
Publié: Santiago Programa de Economía del Trabajo 1994
Sujets:
Tags: Ajouter un tag
Pas de tags, Soyez le premier à ajouter un tag!

MARC

LEADER 00000nam a2200000 a 4500
001 UCY2803
003 CL-VaPUC
008 941121e19940000CL |||||||||||||||||spa|d
082 0 4 |a 371.007  |b GON  |2 21 
100 |a González Meyer, Raúl  |e author  |9 533689 
245 1 0 |a Espacio local sociedad y desarrollo: razones de su valorización 
300 |a 106 p 
942 |c BK 
945 |d 19941121 00:00:00  |a rbrito 
260 |a Santiago  |b Programa de Economía del Trabajo  |c 1994 
650 0 |a Descentralización administrativa (administración descentralizada)  |9 255464 
583 |a last modification  |c 19941121 00:00:00  |k Rodrigo Vera 
999 |c 231121  |d 231119 
952 |0 0  |1 0  |4 0  |6 371_007000000000000_GON_1994  |7 0  |8 A  |9 233958  |a BIBENE  |b BIBENE  |d 2019-11-15  |i 3033139  |o 371.007 GON 1994  |p 3033139  |r 2025-01-15  |w 2019-11-15  |y BK  |k ICO